Cavs Records - 3Pt Shots Made - Statistics

General Stats
  • This quiz has been taken 108 times
    7 since last reset
  • The average score is 10 of 20
Answer Stats
Rank No. 3Pt Shots Made Answer % Correct
2 1,096 Kevin Love
100%
6 723 Kyrie Irving
100%
1 1,251 LeBron James
100%
*4* 884 Donovan Mitchell
86%
5 802 Mark Price
86%
*20* 314 Max Strus
86%
17 325 Collin Sexton
71%
3 956 Darius Garland
71%
*14* 335 Dean Wade
57%
8 585 J.R. Smith
57%
19 316 Caris LeVert
43%
*12* 443 Sam Merrill
43%
7 628 Cedi Osman
29%
18 319 Isaac Okoro
29%
15 381 Craig Ehlo
14%
9 578 Daniel Gibson
14%
13 414 Mo Williams
14%
16 344 Damon Jones
0%
11 543 Danny Ferry
0%
10 550 Wesley Person
0%
No matching quizzes found
Score Distribution
Percent of People with Each Score
Percentile by Number Answered
Your Score History
You have not taken this quiz since the last reset